000 00356nam a2200133Ia 4500
008 230312s9999||||xx |||||||||||||| ||und||
082 _a621.392
_bSTA-C
100 _aStallings William
245 0 _aComputer Organization & Architechture
300 _a778
546 _aEng.
650 _aComputer
_vReader's Guide , Introduction , Cache Memory
942 _cBK
999 _c1148
_d1148